000 00728nam a2200229Ii 4500
003 JO-AjNU
008 230605s9999||||xx |||||||||||||| ||und||
017 _a2009/5/1663
020 _a978-9957-07-671-9
040 _aJO-AjNU
_bara
_erda
_cJO-AjNU
041 _aara
050 1 4 _aBF128.A7.R875.2010
100 3 _aالروسان،فاروق,
_eauthor
_923174
245 0 0 _aتعديل وبناء السلوك الإنساني
250 _aط11
264 3 1 _aعمان:دار الفكر ناشرون وموزعون ،2010
300 _a240ص
336 _atext
_btxt
_2rdacontent
337 _aunmediated
_bn
_2rdamedia
338 _avolume
_bnc
_2rdacarrier
650 4 _aالسلوك الانساني-الشخصية
_923175
999 _aA8343
_c11911
_d11911